|
|
|
|
| LEADER |
00000cam a22000004a 4500 |
| 001 |
musev2_13293 |
| 003 |
MdBmJHUP |
| 005 |
20230905041452.0 |
| 006 |
m o d |
| 007 |
cr||||||||nn|n |
| 008 |
050614s2005 nyu o 00 0 eng d |
| 010 |
|
|
|z 2005017145
|
| 020 |
|
|
|a 9780823248278
|
| 020 |
|
|
|z 9780823224951
|
| 020 |
|
|
|z 0823224953
|
| 035 |
|
|
|a (OCoLC)71002436
|
| 040 |
|
|
|a MdBmJHUP
|c MdBmJHUP
|
| 050 |
0 |
4 |
|a BL560
|b .P48 2005
|
| 082 |
0 |
|
|a 204/.3
|2 22
|
| 245 |
0 |
4 |
|a The Phenomenology of Prayer /
|c edited by Bruce Ellis Benson and Norman Wirzba.
|
| 250 |
|
|
|a 1st ed.
|
| 264 |
|
1 |
|a New York :
|b Fordham University Press,
|c 2005.
|
| 264 |
|
3 |
|a Baltimore, Md. :
|b Project MUSE,
|c 2012
|
| 264 |
|
4 |
|c ©2005.
|
| 300 |
|
|
|a 1 online resource (312 pages).
|
| 336 |
|
|
|a text
|b txt
|2 rdacontent
|
| 337 |
|
|
|a computer
|b c
|2 rdamedia
|
| 338 |
|
|
|a online resource
|b cr
|2 rdacarrier
|
| 504 |
|
|
|a Includes bibliographical references (p. 245-291) and index.
|
| 505 |
0 |
|
|a Prayer as the posture of the decentered self / Merold Westphal -- Who prays? Levinas on irremissible responsibility / Jill Robbins -- Becoming what we pray: passion's gentler resolutions / Edward F. Mooney -- Prayer as kenosis / James R. Mensch -- The prayers and tears of Friedrich Nietzsche / Bruce Ellis Benson -- Attention and responsibility: the work of prayer / Norman Wirzba -- Irigaray's Between East and West: breath, pranayama, and the phenomenology of prayer / Cleo McNelly Kearns -- Heidegger and the prospect of a phenomenology of prayer / Benjamin Crowe -- Edith Stein: prayer and interiority / Terrence C. Wright -- "Too deep for words": the conspiracy of a divine "soliloquy" / B. Keith Putt -- Plus de secret: the paradox of prayer / Brian Treanor -- Praise--pure and personal? Jean-Luc Marion's phenomenologies of prayer / Christina M. Gschwandtner -- The saving or sanitizing of prayer: the problem of the sans in Derrida's account of prayer / Mark Gedney -- How (not) to find God in all things: Derrida, Levinas, and St. Ignatius of Loyola on learning how to pray for the impossible / Michael F. Andrews -- Prayer and incarnation: a homiletical reflection / Lissa McCullough -- The infinite supplicant: on a limit and a prayer / Mark Cauchi -- Proslogion / Philip Goodchild.
|
| 588 |
|
|
|a Description based on print version record.
|
| 650 |
|
0 |
|a Phenomenology.
|
| 650 |
|
0 |
|a Prayer.
|
| 655 |
|
7 |
|a Electronic books.
|2 local
|
| 700 |
1 |
|
|a Wirzba, Norman.
|
| 700 |
1 |
|
|a Benson, Bruce Ellis,
|d 1960-
|
| 710 |
2 |
|
|a Project Muse.
|e distributor
|
| 830 |
|
0 |
|a Book collections on Project MUSE.
|
| 856 |
4 |
0 |
|z Texto completo
|u https://projectmuse.uam.elogim.com/book/13293/
|
| 945 |
|
|
|a Project MUSE - Custom Collection
|
| 945 |
|
|
|a Project MUSE - Archive Complete Foundation
|
| 945 |
|
|
|a Project MUSE - Archive Philosophy and Religion Foundation
|